Biggest Cities in Ceará - Statistics

General Stats
  • This quiz has been taken 146 times
  • The average score is 12 of 20
Answers on the Map
Answers color-coded by a green-red scale on the quiz's map according to % correct below.
 
Answer Stats
Population City % Correct
2,686,610 Fortaleza
99%
265,420 Juazeiro do Norte
87%
186,170 Sobral
83%
325,690 Caucaia
82%
227,880 Maracanaú
74%
110,560 Crato
72%
79,720 Iguatu
63%
74,760 Aquiraz
59%
75,250 Itapipoca
59%
62,990 Quixadá
59%
99,070 Maranguape
55%
54,340 Eusébio
54%
49,400 Quixeramobim
52%
54,340 Crateús
49%
63,390 Horizonte
46%
50,780 Russas
44%
50,900 Tianguá
44%
59,980 Pacajus
38%
61,330 Cascavel
35%
72,620 Pacatuba
34%
No matching quizzes found
Score Distribution
Percent of People with Each Score
Percentile by Number Answered
Your Score History
You have not taken this quiz